| 000 | 00410nam a2200145Ia 4500 | ||
|---|---|---|---|
| 008 | 231217s9999 xx 000 0 und d | ||
| 041 | _aEnglish | ||
| 082 | _a658.3124 CLA;1 R | ||
| 100 | _aClardy, Alan | ||
| 245 | 0 | _a50 Case studies in management and supervisory training | |
| 260 |
_c2004 _bJaico _aMumbai |
||
| 300 | _axxiii+50.8 | ||
| 650 | _a50,studies,management,supervisory,training | ||
| 942 | _cAA | ||
| 999 |
_c173154 _d173154 |
||